000 00993nam a22002297a 4500
005 20250422164709.0
008 250422b |||||||| |||| 00| 0 eng d
020 _a978-81-7309-810-9 (pbk)
037 _cTB
040 _aCRL
_cCRL
041 _2hin
_ahin
084 _aO152,6:g Q4
_qCRL
100 _aत्रिपाठी, राधावल्लभ
_9752748
245 _aबहस में स्त्री
260 _aनई दिल्ली, भारत:
_bसस्ता साहित्य मण्डल प्रकाशन,
_c2014.
300 _a94पृ.
365 _c80.00
_dINR
650 _2हिन्दी निबंध
650 _2हिन्दी साहित्य
942 _2CC
_cTB
_hO152,6:g Q4
_n0
999 _c1309292
_d1309292